IFM Opac

Mathematics for Economics and Business (Record no. 11733)

MARC details
000 -LEADER
fixed length control field 00556nam a2200193Ia 4500
003 - CONTROL NUMBER IDENTIFIER
control field OSt
005 - DATE AND TIME OF LATEST TRANSACTION
control field 20220901124542.0
008 - FIXED-LENGTH DATA ELEMENTS--GENERAL INFORMATION
fixed length control field 220901b |||||||| |||| 00| 0 eng d
020 ## - INTERNATIONAL STANDARD BOOK NUMBER
International Standard Book Number 0 273 70195 8
040 ## - CATALOGING SOURCE
Transcribing agency IFM Library
082 ## - DEWEY DECIMAL CLASSIFICATION NUMBER
Classification number 512.024339
100 ## - MAIN ENTRY--PERSONAL NAME
Personal name Jacques, Ian
9 (RLIN) 1447
245 ## - TITLE STATEMENT
Title Mathematics for Economics and Business
260 ## - PUBLICATION, DISTRIBUTION, ETC.
Name of publisher, distributor, etc. Financial Times/Prentice Hall,
Place of publication, distribution, etc. Harlow:
Date of publication, distribution, etc. 2006
300 ## - PHYSICAL DESCRIPTION
Extent viii, 683p.;
Other physical details ill.:26cm.
500 ## - GENERAL NOTE
General note Includes Index
650 ## - SUBJECT ADDED ENTRY--TOPICAL TERM
Topical term or geographic name entry element Economics, mathematicalBusiness mathematics
9 (RLIN) 3721
942 ## - ADDED ENTRY ELEMENTS (KOHA)
Koha item type Books
Source of classification or shelving scheme Dewey Decimal Classification
Suppress in OPAC No
Holdings
Withdrawn status Lost status Source of classification or shelving scheme Damaged status Not for loan Home library Current library Shelving location Date acquired Total Checkouts Full call number Barcode Date last seen Price effective from Koha item type Collection code Source of acquisition
    Dewey Decimal Classification     Geita Campus Geita Campus Geita Campus Library 09/01/2022   512.024339 JAC 0000027436 05/15/2015 02/19/2022 Books Non-fiction Purchase
    Dewey Decimal Classification     IFM Main Campus Library IFM Main Campus Library Special Reserve Collection 09/01/2022   512.024339 JAC 0000027433 05/15/2015 02/19/2022 Books Non-fiction Purchase
    Dewey Decimal Classification   Not For Loan IFM Simiyu Campus Library IFM Simiyu Campus Library Simiyu Campus 05/15/2015   512.024339 JAC 0000027432 05/15/2015 05/15/2015 Books